000 00278nam a2200121 a 4500
008 110105s1977|||| d
100 1 _aEngels, Marx
245 1 0 _aVybrané spisy 1.diel
260 _bPravda
_aBratislava
_c1977
020 _c18
041 _aslo
044 _axo
_cSK
999 _c15516
_d15516